| 000 | 00591nam a2200217 a 4500 | ||
|---|---|---|---|
| 001 | 1257 | ||
| 003 | CO-ViMGA | ||
| 008 | 141112s2004 ck r 000 u spa d | ||
| 040 |
_aCO-ViMGA _bspa _cCO-ViMGA |
||
| 082 | 0 | 4 | _a843.9 F715 |
| 245 | 1 | 0 | _aAnatole France 1921 |
| 250 | _a13a | ||
| 260 |
_aBarcelona : _bPlaneta, _c1988 |
||
| 300 | _a640 p | ||
| 490 | _aObras selectas de premio nobel | ||
| 650 | 1 | 4 |
_aEl figón de la reina patoja _949415 |
| 650 | 1 | 4 |
_aLa isla de los pinguinos _949416 |
| 650 | 1 | 4 |
_aLos dioses tienen sed _949417 |
| 650 | 1 | 4 |
_aNOVELA FRANCESA _92629 |
| 942 |
_2ddc _cBK |
||
| 999 |
_c13477 _d13477 |
||